| 000 | 01096nam a2200301 c 4500 | ||
|---|---|---|---|
| 003 | BLK | ||
| 005 | 20180420234911.0 | ||
| 008 | 180410b bul|||||r ||||||| ||bul|| | ||
| 010 | _aKNG00172346000 | ||
| 020 |
_a978-954-799-997-8 _bиздат.: Изд. авт. |
||
| 040 | _aBLK | ||
| 041 |
_aBUL _cBUL |
||
| 072 | 7 |
_2bullib _aН84 _xБългарска художествена литература Н |
|
| 080 |
_aБългарска литература _b821.163.2 _x-94 _z821.163.2-94 |
||
| 100 | 1 |
_aЕдрев, Андрей Магриотов _eпърви автор _9336515 |
|
| 139 |
_aЕдрев, Андрей Магриотов _bЕ 34 |
||
| 245 | 1 | 0 |
_aОстровът _cАндрей Магриотов Едрев. |
| 257 | _aBGR | ||
| 260 |
_аБургас _bИзд. авт. _c2013 _fСофия : Анториери |
||
| 300 |
_a286 с. _c20 см |
||
| 380 | _aX | ||
| 659 | _aН | ||
| 852 | _aЦб 274392 | ||
| 856 | 4 |
_qpdf _u |
|
| 856 | 4 |
_qpdf _u |
|
| 942 |
_cKNG _n0 |
||
| 944 |
_aCR _c27.02.2015 _lф / _kВиолета_Тройчева |
||
| 944 |
_aED _c16.10.2015 _lф / _kВиолета_Тройчева |
||
| 999 |
_c164799 _d164799 |
||